000 nam a22 7a 4500
999 _c10703
_d10703
008 180220b ||||| |||| 00| 0 eng d
100 _aSaxena, V K
_96566
245 _aMathematics Lab - IX
260 _aNew Delhi
_bHoly Faith Publication
_c2012